000 00310nam a22001337a 4500
008 180919b xxu||||| |||| 00| 0 eng d
020 _a9780070235663
041 _aeng
080 _a941
100 _a16
101 _aHis
245 _aThe Twentieth Century A Global History
_cGoft.R
942 _2udc
_cBK
999 _c48060
_d48060